000
00371nam a2200133Ia 4500
008
151001s9999||||xx |||||||||||||| ||und||
100
_a
दिनेश पाठक
245
_a
भारतीय रेल
250
_a
1
260
_b
"जान्हवी प्रकाशन,दिल्ली "
260
_c
२०१२
300
_a
128
365
_b
21
999
_c
1001693
_d
1001690